000 00293nam a2200121Ia 4500
008 191201s2015 xx 000 0 und d
100 _aBODLA,B.S.
245 0 _aStrategics for Business Excellence
260 _aN. Delhi
_bVictorious Pub
_c2015
300 _a544
650 _aMBA
942 _2ddc
_cBK
999 _c698
_d698